Diseño del sistema de abastecimiento de agua potable, para La Comunidad de San Francisco, municipio de la Trinidad del departamento de Estelí
Diseño mejoramiento y ampliación del sistema de agua potable de La Comunidad de San Francisco- La Trinidad, Estelí. sistema actual con el fin de determinar las capacidades y el estado de cada uno de los elementos que los componen.
| Main Authors: | , |
|---|---|
| Other Authors: | |
| Format: | Tesis Section = Libro |
| Language: | Undetermined Spanish |
| Published: |
Managua
UNI/RUACS
2018
|
| Subjects: |
| LEADER | 01158nam a2200265Ia 4500 | ||
|---|---|---|---|
| 008 | 240830s9999 xx 000 0 und d | ||
| 040 | |a BIBLIOTECA-RUPAP Mon 628.72 L864 | ||
| 041 | |a spa | ||
| 082 | |a Mon 628.72 L864 | ||
| 100 | 1 | |a López Mairena, Mizael Aristides | |
| 100 | 1 | |b Meza Lorente, David Concepcion | |
| 245 | 1 | 0 | |a Diseño del sistema de abastecimiento de agua potable, para La Comunidad de San Francisco, municipio de la Trinidad del departamento de Estelí |
| 260 | |a Managua |b UNI/RUACS |c 2018 | ||
| 300 | |a 104 p. :il. | ||
| 500 | |a contiene: anexos y CD. | ||
| 502 | |a Tesis (Ingeniero Civil)- UNI, 2018. | ||
| 520 | 3 | |a Diseño mejoramiento y ampliación del sistema de agua potable de La Comunidad de San Francisco- La Trinidad, Estelí. sistema actual con el fin de determinar las capacidades y el estado de cada uno de los elementos que los componen. | |
| 650 | 7 | |a AGUA POTABLE | |
| 650 | 7 | |b SISTEMAS DE ABASTECIMIENTO DE AGUA POTABLE-DISEÑO | |
| 650 | 7 | |c TANQUE DE ALMACENAMIENTO DE AGUA | |
| 650 | 7 | |d DOTACION DE AGUA | |
| 700 | 1 | |a Tutor: |b Baldizón Aguilar, María Elena | |
| 942 | |c BK |2 ddc | ||
| 991 | |a TESIS | ||
| 999 | |c 16523 | ||